000 00628nam a22002297a 4500
003 UA-OsUOA
001 87847
007 ta
008 20120926b un ||||| |||| 00| 0 ukr d
100 _aАвтомонов П.
090 _a821.161.2
_bА22
942 _cBK
040 _aUA-OsUOA
_bukr
_cUA-OsUOA
_dUA-OsUOA
245 _aФронт не позначено
_bповість-портрет
300 _a220 с.
955 _a3
041 _aukr
080 _a821.161.2
260 _aК.
_bПолітвидав
_c1987
650 7 _a82 Література. Літературознавство
_2UDC
999 _c374155
_d374155